000 00776cam a22002771 4500
001 17584
003 BD-RjUL
005 20211209000149.0
008 140217s1956 nyu 001 0 eng d
035 _a(BD-RjUL)17642
035 _a(OCoLC)2755017
040 _aDLC
_cOClU
_dOCoLC
_dDLC
_dBD-RjUL
_beng
041 _aeng
082 0 0 _a808
_bALP 1956
100 1 _aAltick, Richard D.
_q(Richard Daniel),
_d1915-2008.
_93003
245 1 0 _aPreface to critical reading /
_c Richard D. Altick,
250 _a3d ed.
260 _aNew York :
_bHolt,
_cc1956
300 _a298 p. ;
_c22 cm.
504 _aIncludes Index
650 0 _aEnglish language
_xRhetoric.
_954206
650 0 _aReading.
_954207
942 _2ddc
_cBK
999 _c17584
_d17584